Biblioteca

Between Athens and Jerusalem : (Registro nro. 67572)

Detalles MARC
000 -LÍDER
Campo fijo de descripción fija 02301cam a2200409 i 4500
001 - NÚMERO DE CONTROL
Campo de control 768714001
003 - IDENTIFICADOR DEL NÚMERO DE CONTROL
Campo de control CO-MdFUSB
005 - FECHA Y HORA DE LA ULTIMA TRANSACCIÓN
control field 20220625062549.0
007 - CAMPO FIJO DE DESCRIPCIÓN FIJA--INFORMACIÓN GENERAL
Campo fijo de descripción fija ta
008 - ELEMENTOS DE LONGITUD FIJA -- INFORMACIÓN GENERAL
Campo fijo de descripción fija -- Información general 990826t2000 miu b 001 0 eng
020 ## - NÚMERO INTERNACIONAL NORMALIZADO PARA LIBROS
Número Internacional Normalizado del libro 0802843727
040 ## - FUENTE DE CATALOGACIÓN
Agencia de catalogación original DLC
Idioma de catalogación eng
Agencia que realiza la transcripción CO-MdFUSB
Agencia que realiza la modificación OrLoB-B
Convenciones de la descripción rda
041 ## - CÓDIGO DE IDIOMA
Código de idioma para texto/pista de sonido o título separado eng
082 ## - NÚMERO DE CLASIFICACIÓN DECIMAL DEWEY
Número de la edición del Dewey 23
Número de clasificación 296.09014
Clave de autor-Numero de item C712
100 1# - ASIENTO PRINCIPAL--NOMBRE PERSONAL
Nombre personal Collins, John J.
Fechas asociadas con el nombre 1946-
Término relacionador autor
245 10 - TÍTULO
Título del Material Between Athens and Jerusalem :
Parte restante del título - Subtitulo Jewish identity in the Hellenistic diaspora /
Mención de responsabilidad, etc. John J. Collins.
250 ## - MENCIÓN DE EDICIÓN
Mención de edición segunda edición
264 #1 - PRODUCCIÓN, PUBLICACIÓN, DISTRIBUCIÓN, MANUFACTURA, Y COPYRIGHT
Lugar de producción, publicación, distribución, manufactura Grand Rapids, MI :
Nombre del productor, publicador, distribuidor William B. Eerdmans Pub.,
Fecha de producción, publicación, distribución, manufactura, o copyright [2000]
264 #4 - PRODUCCIÓN, PUBLICACIÓN, DISTRIBUCIÓN, MANUFACTURA, Y COPYRIGHT
Fecha de producción, publicación, distribución, manufactura, o copyright © 2000
300 ## - DESCRIPCIÓN FÍSICA
Extensión 327 páginas ;
Dimensiones 24 cm.
336 ## - TIPO DE CONTENIDO
Término de tipo de contenido texto
Código de tipo de contenido txt
Fuente rdacontent.
337 ## - TIPO DE MEDIO
Nombre del tipo de medio sin mediación
Código del tipo de medio n
Fuente rdamedia.
338 ## - TIPO DE SOPORTE
Nombre del tipo de soporte volumen
Código Tipo de soporte nc
Fuente rdacarrier.
490 ## - MENCIÓN DE SERIE
Mención de serie The Biblical resource series.
504 ## - NOTA DE BIBLIOGRAFÍA, ETC.
Nota de bibliografía, etc Incluye referencias bibliográficas (páginas 276-302) e índices.
505 ## - NOTA DE CONTENIDO
Nota de contenido con formato preestablecido Escenario de la diáspora. -- Percepciones gentiles del judaísmo. -- Apologética judía. -- Judaísmo helenístico y Judea. --Restricciones de la tradición -- Relaciones con el entorno gentil -- Perspectiva -- Identidad nacional y política - Usos del pasado -- Religión y política: la era ptolemaica -- Religión y política: el período romano -- Ética común. -- Judaísmo filosófico. -- Misterios de Dios. -- Judíos y gentiles.
520 ## - NOTA DE RESUMEN, ETC.
Nota de sumario, etc. <br/>"Una de las colisiones más creativas y consecuentes en la cultura occidental implicó el encuentro del judaísmo con el helenismo. En este estudio de los judíos que vivían en el Egipto helenístico, "entre Atenas y Jerusalén", John J. Collins examina la literatura helenística de Jerusalén, tratando no solo las preguntas introductorias de fecha, autoría y procedencia, sino también la cuestión más amplia de la identidad judía en el mundo grecorromano. Publicado por primera vez en 1984, este estudio ahora se revisa y actualiza para tener en cuenta lo mejor de la erudición reciente.
563 ## - NOTA DE ENCUADERNACIÓN
Nota de encuadernación Rústico
650 #7 - ASIENTO SECUNDARIO DE MATERIA - TERMINO TEMÁTICO
Término temático o nombre geográfico como elemento de entrada Judaísmo
Fuente del encabezamiento o término
9 (RLIN) 6881
650 #7 - ASIENTO SECUNDARIO DE MATERIA - TERMINO TEMÁTICO
Término temático o nombre geográfico como elemento de entrada Judaísmo
Subdivisión general Historia
Fuente del encabezamiento o término
9 (RLIN) 6884
650 #7 - ASIENTO SECUNDARIO DE MATERIA - TERMINO TEMÁTICO
Término temático o nombre geográfico como elemento de entrada Judaísmo
Subdivisión general Costumbres y prácticas
Fuente del encabezamiento o término
9 (RLIN) 6882
653 ## - TÉRMINO DE INDIZACIÓN - NO CONTROLADO
Término no controlado Literatura helenistíca.
653 ## - TÉRMINO DE INDIZACIÓN - NO CONTROLADO
Término no controlado Judaísmo helenistíco.
942 ## - TIPO DE MATERIAL (KOHA)
Tipo de Item KOHA Libros General
945 ## - INFORMACIÓN LOCAL DEL REGISTRO
Catalogador JTF-925
Existencias
Estado de Material Estado de Perdido Forma de Clasificación Estado de Dañado No para Préstamo Colección Biblioteca de Origen Biblioteca Permanente Fecha de Adquisición Área Total de Préstamos Signatura Topográfica Código de Barras Última vez visto Ejemplar/Existencia Fecha de Remplazo Tipo de Material
    Dewey Decimal Classification     Colección General Biblioteca FUSBC Biblioteca FUSBC 28/03/2022 RELIGIÓN - RELIGIONES   G 296.09014 C712b 21743 28/03/2022 Ej.1 28/03/2022 Libros General

Biblioteca FUSBC | Teléfono: (57+4) 349 88 10 Ext. 141| WhatsApp (+57) 3005338115 
E-mail: biblioteca@unisbc.edu.co | Calle 76 87-14 Robledo Palenque, Medellín, Colombia

Con tecnología Koha